La novela italiana de la posguerra (Record no. 122917)

MARC details
000 -LEADER
campo de control de longitud fija 00530nam a2200169 4500
001 - NÚMERO DE CONTROL
campo de control 122917
003 - IDENTIFICADOR DE NÚMERO DE CONTROL
campo de control ES-MaACL
005 - FECHA Y HORA DE LA ÚLTIMA TRANSACCIÓN
campo de control 20230906192052.0
007 - CAMPO FIJO DE DESCRIPCIÓN FÍSICA--INFORMACIÓN GENERAL
campo de control de longitud fija t|
008 - DATOS DE LONGITUD FIJA--INFORMACIÓN GENERAL
campo de control de longitud fija 070214s1969 sp r ||||0| spa d
100 1# - ENTRADA PRINCIPAL--NOMBRE DE PERSONA
Nombre de persona Pullini, Giorgio.
9 (RLIN) 94384
245 13 - MENCIÓN DEL TÍTULO
Título La novela italiana de la posguerra
Resto del título : 1940-1965 /
Mención de responsabilidad, etc. Giorgio Pullini ; traducción de José Miguel Velloso.
260 ## - PUBLICACIÓN, DISTRIBUCIÓN, ETC.
Lugar de publicación, distribución, etc. Madrid :
Nombre del editor, distribuidor, etc. Guadarrama,
Fecha de publicación, distribución, etc. 1969.
300 ## - DESCRIPCIÓN FÍSICA
Extensión 459 p ;
Dimensiones 18 cm.
700 1# - ENTRADA AGREGADA--NOMBRE PERSONAL
Nombre de persona Velloso, José Miguel.
9 (RLIN) 113857
852 ## - LOCALIZACIÓN
Ubicación ES-MaACL
Número de control de estantería C-40594
Sublocalización o colección R.72564
Holdings
Estatus retirado Estado de pérdida Estado de daño No para préstamo Biblioteca de origen Biblioteca actual Ubicación en estantería Fecha de adquisición Fuente de adquisición Total de préstamos Signatura topográfica completa Código de barras Visto por última vez Precio de reemplazo Tipo de ítem Koha
        Biblioteca del Ateneo de Madrid Biblioteca del Ateneo de Madrid Depósito 2 17/01/2008     C-40594 1128083 23/02/2023 23/02/2023 Libro impreso